Intermediate Chinese Listening and Speaking

Gespeichert in:
Bibliographische Detailangaben
Format: Sách giấy
Sprache:Chinese
Veröffentlicht: Beijing : The Beijing language institute press , 1990
Tags: Tag hinzufügen
Keine Tags, Fügen Sie den ersten Tag hinzu!
Thư viện lưu trữ: Thư viện Trường Đại học Đà Lạt
LEADER 00565nam a2200241 4500
001 DLU020015926
005 ##10/19/2000
020 # # |a 978- 
041 # # |a chi 
082 # # |a 495.18  |b Lis 
090 # # |a 495.18  |b Lis 
245 # # |a Intermediate Chinese Listening and Speaking 
260 # # |a Beijing :  |b The Beijing language institute press ,  |c 1990 
300 # # |a 451 tr.;   |c 20 cm. 
992 # # |a 23000 
994 # # |a DLU 
900 # # |a False 
911 # # |a Administrator 
925 # # |a G 
926 # # |a A 
927 # # |a SH 
980 # # |a Thư viện Trường Đại học Đà Lạt